00583nam a22002177a 450000500170000000800410001702000180005804100130007608200180008910000410010724500570014826000150020526000300022026000090025030000180025965000150027765000210029265000170031365000140033065000210034420250219150125.0190401b2014 xxu||||| |||| 00| 0 spa d a9789977676692 aCHOaESP aR 497.936 Q8d aQuirós Rodríguez, Juan Santiago  aDiccionario español-chorotega, chorotega-español aCosta Rica bUniversidad de Costa Rica c2014 a186 páginas aCOSTA RICA aLENGUA CHOROTEGA aDICCIONARIOS aESPAÑOL aINDIOS CHOROTEGA